Statistics for Name a Valid Country #2

Click here to take the quiz!

General Stats

  • This quiz has been taken 147,595 times
    (147,465 since last reset)
  • The average score is 16 of 20

Answer Stats

Name a country ...Answer% Correct
that starts with ZZambia | Zimbabwe
99%
that uses the PesoArgentina | Chile | Colombia | Cuba |
Dominican Republic | Mexico | Philippines | Uruguay
90%
that was once part of YugoslaviaBosnia and Herzegovina | Croatia | Kosovo | Montenegro |
North Macedonia | Serbia | Slovenia
90%
that has territory within 100 miles of the U.S.
(but doesn't border it)
Bahamas | Cuba | Russia
89%
that is an island nation in the Indian OceanComoros | Madagascar | Maldives | Mauritius |
Seychelles | Sri Lanka
89%
that is an island nation in the Mediterranean SeaCyprus | Malta
89%
that borders Costa RicaNicaragua | Panama
86%
that has 100 million MuslimsBangladesh | Egypt | India | Indonesia | Nigeria | Pakistan
85%
whose name ends in YGermany | Hungary | Italy | Norway | Paraguay |
Turkey | Uruguay | Vatican City
84%
bordering the Persian GulfBahrain | Iran | Iraq | Kuwait | Oman | Qatar |
Saudi Arabia | United Arab Emirates
80%
whose name ends in LBrazil | Israel | Nepal | Portugal | Senegal
80%
with Buddhism as an official religionBhutan | Cambodia | Indonesia | Laos | Myanmar |
Sri Lanka | Thailand
79%
that is by law a one-party Marxist stateChina | Cuba | Laos | Vietnam
79%
that the Mekong River flows throughCambodia | China | Laos | Myanmar | Thailand | Vietnam
78%
whose name has only one syllableChad | France | Greece | Laos | Spain
78%
where baseball is the most popular
spectator sport
Cuba | Dominican Republic | Japan | Nicaragua | Panama |
South Korea | Taiwan | Venezuela
75%
that had ebola deaths in 2014D.R. Congo | Guinea | Liberia | Nigeria | Sierra Leone
74%
with an eagle on its flagAlbania | Egypt | Kazakhstan | Mexico | Moldova |
Montenegro | Serbia | Zambia | Zimbabwe
71%
on the Ionian SeaAlbania | Greece | Italy
62%
whose flag features the Southern Cross
Australia | Brazil | New Zealand |
Papua New Guinea | Samoa
60%

Score Distribution

Percentile by Number Answered

Percent of People with Each Score

Your Score History

You have not taken this quiz since the last reset